000 00667nam a2200217Ia 4500
005 20230613120312.0
008 131103s9999 xx 000 0 und d
020 _a415204496
040 _aLoreto College
041 _aEnglish
082 _a940.25
_bHYL
245 4 _aThe enlightenment
_b a sourcebook and reader
_cedited by Paul Hyland with Olga Gomes and Francesca Greensides
260 _aLondon and New York
_bRoutledge
_c2003
300 _axviii,467p
_b ill
504 _aIncludes bibliography and index
650 _aEnlightenment
651 _aEurope, Intellectual Life, 18th Century
700 _aHyland, Paul, ed
850 _aLCLIB
942 _cBK
999 _c11042
_d61521